| 000 | 00421nam a2200193Ia 4500 | ||
|---|---|---|---|
| 003 | OSt | ||
| 005 | 20251029112432.0 | ||
| 008 | 250729s1981 xx 000 0 und d | ||
| 020 | _a9789350246696 | ||
| 040 | _cAL | ||
| 041 | _aeng | ||
| 082 | _a574.2 POWC | ||
| 100 |
_aPowar C B _9223544 |
||
| 245 | _aCell biology | ||
| 260 |
_aMumbai _c1981 |
||
| 300 | _a782p | ||
| 650 |
_aBiology _9223545 |
||
| 942 |
_2ddc _cBED |
||
| 999 |
_c235961 _d235961 |
||